000
00264nam a22000977a 4500
999
_c
517002
_d
517002
082
_a
TNC AA M264
100
_a
Madhukar,Swami Harish
_9
23881
245
_a
Reflections of moment
_c
By Swami Harish Madhukar
260
_a
Pune
_b
Tripura publications
_c
1992
300
_a
72p.